[Event "DVM U16w 2023"]
[Site "Magdeburg GER"]
[Date "2023.12.27"]
[Round "2"]
[White "Stepanjan, Marianne"]
[Black "Jacobasch, Ronja"]
[Result "1/2-1/2"]
[Termination "normal"]
[Board "4.1"]
[WhiteElo "1678"]
[BlackElo "1607"]
[WhiteClock "00:04:29"]
[BlackClock "00:06:24"]
[WhiteTeam "TuRa Harksheide 1945 Norderstedt"]
[BlackTeam "SSV Altenberg"]
[PlyCount "62"]
[WhiteFideId "16246110"]
[BlackFideId "34604340"]
[EventCountry "GER"]
[EventRounds "7"]
[EventType "team-swiss"]
[EventDate "2023.12.26"]

1. e4 {[%clk 01:30:59]} d5 {[%clk 01:30:55]} {[%emt 00:00:06]} 2. exd5 {[%clk
01:31:24]} {[%emt 00:00:04]} Qxd5 {[%clk 01:31:23]} {[%emt 00:00:02]} 3. Nc3
{[%clk 01:31:47]} {[%emt 00:00:08]} Qd8 {[%clk 01:31:48]} {[%emt 00:00:05]} 4.
d4 {[%clk 01:32:12]} {[%emt 00:00:05]} Nf6 {[%clk 01:31:47]} {[%emt 00:00:31]}
5. Nf3 {[%clk 01:32:27]} {[%emt 00:00:15]} Bg4 {[%clk 01:31:33]} {[%emt
00:00:44]} 6. Be2 {[%clk 01:31:06]} {[%emt 00:01:50]} e6 {[%clk 01:30:10]}
{[%emt 00:01:54]} 7. h3 {[%clk 01:30:42]} {[%emt 00:00:54]} Bxf3 {[%clk
01:28:33]} {[%emt 00:02:06]} 8. Bxf3 {[%clk 01:30:31]} {[%emt 00:00:41]} c6
{[%clk 01:28:32]} {[%emt 00:00:32]} 9. O-O {[%clk 01:30:41]} {[%emt 00:00:19]}
Bd6 {[%clk 01:26:18]} {[%emt 00:02:44]} 10. Bg5 {[%clk 01:29:19]} {[%emt
00:01:52]} O-O {[%clk 01:23:05]} {[%emt 00:03:43]} 11. a4 {[%clk 01:21:56]}
{[%emt 00:07:53]} a5 {[%clk 01:17:19]} {[%emt 00:06:16]} 12. Ne4 {[%clk
01:15:29]} {[%emt 00:06:57]} Be7 {[%clk 01:14:51]} {[%emt 00:02:58]} 13. Bf4
{[%clk 01:04:10]} {[%emt 00:11:49]} Nxe4 {[%clk 01:08:35]} {[%emt 00:06:46]}
14. Bxe4 {[%clk 01:04:30]} {[%emt 00:00:09]} Nd7 {[%clk 01:05:44]} {[%emt
00:03:22]} 15. c3 {[%clk 00:58:29]} {[%emt 00:06:31]} Nf6 {[%clk 01:02:02]}
{[%emt 00:04:12]} 16. Bc2 {[%clk 00:53:05]} {[%emt 00:05:54]} Qb6 {[%clk
00:54:37]} {[%emt 00:07:55]} 17. Rb1 {[%clk 00:49:59]} {[%emt 00:03:34]} Rfd8
{[%clk 00:50:22]} {[%emt 00:04:46]} 18. Qf3 {[%clk 00:48:26]} {[%emt 00:02:04]}
Rd7 {[%clk 00:45:44]} {[%emt 00:05:08]} 19. Rfe1 {[%clk 00:45:39]} {[%emt
00:03:16]} Rad8 {[%clk 00:41:29]} {[%emt 00:04:45]} 20. Be5 {[%clk 00:40:44]}
{[%emt 00:05:25]} Nd5 {[%clk 00:35:52]} {[%emt 00:06:08]} 21. Re4 {[%clk
00:30:04]} {[%emt 00:11:10]} Bf6 {[%clk 00:31:08]} {[%emt 00:05:14]} 22. Qg3
{[%clk 00:14:43]} {[%emt 00:15:50]} Bxe5 {[%clk 00:20:49]} {[%emt 00:10:49]}
23. Rxe5 {[%clk 00:14:22]} {[%emt 00:00:51]} Qc7 {[%clk 00:18:46]} {[%emt
00:02:14]} 24. Qh4 {[%clk 00:08:59]} {[%emt 00:05:53]} h6 {[%clk 00:15:53]}
{[%emt 00:03:24]} 25. Rbe1 {[%clk 00:08:09]} {[%emt 00:01:19]} Nf6 {[%clk
00:13:46]} {[%emt 00:02:37]} 26. R1e3 {[%clk 00:06:12]} {[%emt 00:02:26]} Rd5
{[%clk 00:12:09]} {[%emt 00:02:08]} 27. Rxd5 {[%clk 00:05:04]} {[%emt
00:01:38]} Rxd5 {[%clk 00:11:11]} {[%emt 00:01:29]} 28. Rg3 {[%clk 00:03:44]}
{[%emt 00:01:49]} Kf8 {[%clk 00:08:59]} {[%emt 00:02:43]} 29. Rf3 {[%clk
00:03:40]} {[%emt 00:00:30]} Rh5 {[%clk 00:07:24]} {[%emt 00:02:08]} 30. Qf4
{[%clk 00:04:05]} {[%emt 00:00:05]} Qxf4 {[%clk 00:07:32]} {[%emt 00:00:22]}
31. Rxf4 {[%clk 00:04:29]} {[%emt 00:00:05]} Rd5 {[%clk 00:06:24]} {[%emt
00:01:39]} *

[Event "DVM U16w 2023"]
[Site "Magdeburg GER"]
[Date "2023.12.27"]
[Round "2"]
[White "Müller, Cosima"]
[Black "Petrosyan, Ani"]
[Result "0-1"]
[Termination "normal"]
[Board "4.2"]
[WhiteElo "1462"]
[BlackElo "1493"]
[WhiteClock "00:27:38"]
[BlackClock "01:07:15"]
[WhiteTeam "SSV Altenberg"]
[BlackTeam "TuRa Harksheide 1945 Norderstedt"]
[PlyCount "90"]
[WhiteFideId "34601490"]
[BlackFideId "16248015"]
[EventCountry "GER"]
[EventRounds "7"]
[EventType "team-swiss"]
[EventDate "2023.12.26"]

1. e4 {[%clk 01:30:57]} {[%emt 00:00:03]} c6 {[%clk 01:30:46]} {[%emt
00:00:14]} 2. d4 {[%clk 01:31:22]} {[%emt 00:00:05]} d5 {[%clk 01:31:13]}
{[%emt 00:00:02]} 3. exd5 {[%clk 01:31:47]} {[%emt 00:00:06]} cxd5 {[%clk
01:31:36]} {[%emt 00:00:06]} 4. Bd3 {[%clk 01:32:12]} {[%emt 00:00:06]} Nc6
{[%clk 01:32:01]} {[%emt 00:00:05]} 5. c3 {[%clk 01:32:37]} {[%emt 00:00:06]}
Nf6 {[%clk 01:32:19]} {[%emt 00:00:11]} 6. Bf4 {[%clk 01:32:56]} {[%emt
00:00:11]} g6 {[%clk 01:32:26]} {[%emt 00:00:23]} 7. h3 {[%clk 01:33:12]}
{[%emt 00:00:14]} Bf5 {[%clk 01:32:31]} {[%emt 00:00:25]} 8. Nf3 {[%clk
01:28:44]} {[%emt 00:04:58]} Bxd3 {[%clk 01:29:13]} {[%emt 00:03:47]} 9. Qxd3
{[%clk 01:29:01]} {[%emt 00:00:13]} Bg7 {[%clk 01:29:36]} {[%emt 00:00:07]} 10.
Nbd2 {[%clk 01:27:10]} {[%emt 00:02:20]} O-O {[%clk 01:29:35]} {[%emt
00:00:33]} 11. O-O {[%clk 01:27:09]} {[%emt 00:00:31]} a6 {[%clk 01:29:27]}
{[%emt 00:00:39]} 12. Ne5 {[%clk 01:26:16]} {[%emt 00:01:23]} Nh5 {[%clk
01:20:52]} {[%emt 00:09:04]} 13. Bh2 {[%clk 01:22:45]} {[%emt 00:03:59]} e6
{[%clk 01:17:51]} {[%emt 00:03:32]} 14. f4 {[%clk 01:19:22]} {[%emt 00:03:54]}
Nf6 {[%clk 01:16:17]} {[%emt 00:02:03]} 15. Ndf3 {[%clk 01:14:41]} {[%emt
00:05:12]} Qe7 {[%clk 01:15:33]} {[%emt 00:01:13]} 16. Rae1 {[%clk 01:12:36]}
{[%emt 00:02:36]} Rfc8 {[%clk 01:14:11]} {[%emt 00:01:52]} 17. a3 {[%clk
01:06:51]} {[%emt 00:06:15]} Na5 {[%clk 01:09:37]} {[%emt 00:05:04]} 18. Qd1
{[%clk 00:51:26]} {[%emt 00:15:53]} Nc4 {[%clk 01:08:22]} {[%emt 00:01:47]} 19.
Nxc4 {[%clk 00:51:25]} {[%emt 00:00:31]} Rxc4 {[%clk 01:07:39]} {[%emt
00:01:12]} 20. Ne5 {[%clk 00:51:28]} {[%emt 00:00:28]} Rcc8 {[%clk 01:07:48]}
{[%emt 00:00:22]} 21. Nd3 {[%clk 00:44:15]} {[%emt 00:07:41]} Ne4 {[%clk
01:07:06]} {[%emt 00:01:13]} 22. Ne5 {[%clk 00:39:16]} {[%emt 00:05:28]} b5
{[%clk 01:06:59]} {[%emt 00:00:37]} 23. Re2 {[%clk 00:34:01]} {[%emt 00:05:40]}
a5 {[%clk 01:06:58]} {[%emt 00:00:37]} 24. Qb3 {[%clk 00:34:00]} {[%emt
00:00:30]} Qb7 {[%clk 01:06:19]} {[%emt 00:01:08]} 25. Nd3 {[%clk 00:31:46]}
{[%emt 00:02:44]} b4 {[%clk 00:59:11]} {[%emt 00:07:40]} 26. axb4 {[%clk
00:29:08]} {[%emt 00:03:08]} Qb5 {[%clk 00:57:11]} {[%emt 00:02:30]} 27. Rd1
{[%clk 00:24:34]} {[%emt 00:05:02]} Bf8 {[%clk 00:55:17]} {[%emt 00:02:25]} 28.
Re3 {[%clk 00:20:44]} {[%emt 00:04:17]} a4 {[%clk 00:54:45]} {[%emt 00:01:05]}
29. Qa3 {[%clk 00:20:08]} {[%emt 00:01:06]} Nd6 {[%clk 00:54:19]} {[%emt
00:00:56]} 30. Ree1 {[%clk 00:18:29]} {[%emt 00:02:09]} Nc4 {[%clk 00:53:22]}
{[%emt 00:01:28]} 31. Qa2 {[%clk 00:18:43]} {[%emt 00:00:15]} a3 {[%clk
00:52:59]} {[%emt 00:00:54]} 32. bxa3 {[%clk 00:17:46]} {[%emt 00:01:27]} Rxa3
{[%clk 00:53:06]} {[%emt 00:00:23]} 33. Qc2 {[%clk 00:17:29]} {[%emt 00:00:45]}
Nd6 {[%clk 00:49:58]} {[%emt 00:03:39]} 34. Nc5 {[%clk 00:17:07]} {[%emt
00:00:53]} Qc4 {[%clk 00:50:04]} {[%emt 00:00:24]} 35. Re3 {[%clk 00:14:34]}
{[%emt 00:03:00]} Bg7 {[%clk 00:47:29]} {[%emt 00:03:06]} 36. Qd3 {[%clk
00:10:29]} {[%emt 00:04:33]} Nb5 {[%clk 00:41:43]} {[%emt 00:06:19]} 37. Qxc4
{[%clk 00:04:13]} {[%emt 00:06:29]} dxc4 {[%clk 00:41:44]} {[%emt 00:00:28]}
38. Ne4 {[%clk 00:04:10]} {[%emt 00:00:33]} f5 {[%clk 00:40:26]} {[%emt
00:01:48]} 39. Nf2 {[%clk 00:03:33]} {[%emt 00:01:07]} Nxc3 {[%clk 00:39:08]}
{[%emt 00:01:48]} 40. Rde1 {[%clk 00:01:13]} {[%emt 00:02:49]} Bxd4 {[%clk
00:38:25]} {[%emt 00:01:12]} 41. Rxe6 {[%clk 00:00:43]} {[%emt 00:01:02]} Ne4
{[%clk 00:38:32]} {[%emt 00:00:23]} 42. R6xe4 {[%clk 00:28:23]} {[%emt
00:02:50]} fxe4 {[%clk 01:08:36]} {[%emt 00:00:26]} 43. Kf1 {[%clk 00:28:36]}
{[%emt 00:00:15]} c3 {[%clk 01:08:40]} {[%emt 00:00:28]} 44. f5 {[%clk
00:27:22]} {[%emt 00:01:44]} c2 {[%clk 01:07:30]} {[%emt 00:01:39]} 45. Bf4
{[%clk 00:27:38]} {[%emt 00:00:13]} e3 {[%clk 01:07:15]} {[%emt 00:00:47]} 0-1

[Event "DVM U16w 2023"]
[Site "Magdeburg GER"]
[Date "2023.12.27"]
[Round "2"]
[White "Chen, Michelle"]
[Black "Glotz, Diana"]
[Result "0-1"]
[Termination "normal"]
[Board "4.3"]
[WhiteElo "1011"]
[BlackElo "1420"]
[WhiteClock "00:03:20"]
[BlackClock "00:12:07"]
[WhiteTeam "TuRa Harksheide 1945 Norderstedt"]
[BlackTeam "SSV Altenberg"]
[PlyCount "72"]
[WhiteFideId "16275403"]
[BlackFideId "16278500"]
[EventCountry "GER"]
[EventRounds "7"]
[EventType "team-swiss"]
[EventDate "2023.12.26"]

1. d4 {[%clk 01:30:58]} {[%emt 00:00:01]} d5 {[%clk 01:30:51]} {[%emt
00:00:09]} 2. Nf3 {[%clk 01:30:55]} {[%emt 00:00:34]} Nf6 {[%clk 01:30:55]}
{[%emt 00:00:26]} 3. c4 {[%clk 01:31:04]} {[%emt 00:00:20]} c6 {[%clk
01:30:40]} {[%emt 00:00:46]} 4. e3 {[%clk 01:31:05]} {[%emt 00:00:29]} Bf5
{[%clk 01:29:36]} {[%emt 00:01:33]} 5. Be2 {[%clk 01:29:48]} {[%emt 00:01:47]}
h6 {[%clk 01:28:07]} {[%emt 00:02:00]} 6. Nc3 {[%clk 01:27:29]} {[%emt
00:02:48]} e6 {[%clk 01:27:10]} {[%emt 00:01:27]} 7. cxd5 {[%clk 01:21:00]}
{[%emt 00:06:58]} exd5 {[%clk 01:26:34]} {[%emt 00:01:07]} 8. Bd3 {[%clk
01:16:28]} {[%emt 00:05:02]} Bxd3 {[%clk 01:24:22]} {[%emt 00:02:42]} 9. Qxd3
{[%clk 01:16:55]} {[%emt 00:00:03]} Bb4 {[%clk 01:24:30]} {[%emt 00:00:23]} 10.
O-O {[%clk 01:16:24]} {[%emt 00:01:01]} Bxc3 {[%clk 01:24:06]} {[%emt
00:00:54]} 11. Qxc3 {[%clk 01:15:35]} {[%emt 00:01:19]} O-O {[%clk 01:23:43]}
{[%emt 00:00:52]} 12. Qb4 {[%clk 01:11:33]} {[%emt 00:04:31]} Qc7 {[%clk
01:21:54]} {[%emt 00:02:18]} 13. b3 {[%clk 01:08:10]} {[%emt 00:03:55]} Nbd7
{[%clk 01:19:39]} {[%emt 00:02:46]} 14. Ba3 {[%clk 01:06:23]} {[%emt 00:02:16]}
Rfe8 {[%clk 01:18:11]} {[%emt 00:01:57]} 15. Qd6 {[%clk 01:00:52]} {[%emt
00:06:02]} Qa5 {[%clk 01:09:22]} {[%emt 00:09:13]} 16. Bc1 {[%clk 00:54:36]}
{[%emt 00:06:52]} Re6 {[%clk 01:01:30]} {[%emt 00:08:22]} 17. Qg3 {[%clk
00:52:32]} {[%emt 00:02:32]} Ne4 {[%clk 00:56:09]} {[%emt 00:05:53]} 18. Qg4
{[%clk 00:48:00]} {[%emt 00:04:59]} Qc7 {[%clk 00:51:56]} {[%emt 00:04:41]} 19.
Nd2 {[%clk 00:44:38]} {[%emt 00:03:58]} Rg6 {[%clk 00:45:19]} {[%emt 00:07:05]}
20. Qe2 {[%clk 00:43:04]} {[%emt 00:02:04]} Nxd2 {[%clk 00:38:38]} {[%emt
00:07:12]} 21. Bxd2 {[%clk 00:42:55]} {[%emt 00:00:38]} Re8 {[%clk 00:38:22]}
{[%emt 00:00:47]} 22. f3 {[%clk 00:40:23]} {[%emt 00:03:02]} Rge6 {[%clk
00:35:12]} {[%emt 00:03:40]} 23. Rac1 {[%clk 00:38:56]} {[%emt 00:01:55]} Qb6
{[%clk 00:28:32]} {[%emt 00:07:10]} 24. Kh1 {[%clk 00:32:03]} {[%emt 00:07:25]}
Qxd4 {[%clk 00:16:09]} {[%emt 00:12:53]} 25. Rc3 {[%clk 00:29:21]} {[%emt
00:03:12]} Qb6 {[%clk 00:15:15]} {[%emt 00:01:24]} 26. Rd3 {[%clk 00:22:46]}
{[%emt 00:07:05]} Qa6 {[%clk 00:14:47]} {[%emt 00:00:58]} 27. a4 {[%clk
00:18:19]} {[%emt 00:04:37]} Nc5 {[%clk 00:14:22]} {[%emt 00:00:56]} 28. Rd1
{[%clk 00:07:55]} {[%emt 00:10:54]} Qxd3 {[%clk 00:13:28]} {[%emt 00:01:24]}
29. Qxd3 {[%clk 00:04:35]} {[%emt 00:03:49]} Nxd3 {[%clk 00:13:50]} {[%emt
00:00:09]} 30. Kg1 {[%clk 00:04:57]} {[%emt 00:00:07]} Nc5 {[%clk 00:13:35]}
{[%emt 00:00:46]} 31. b4 {[%clk 00:04:52]} {[%emt 00:00:35]} Nd7 {[%clk
00:12:46]} {[%emt 00:01:19]} 32. Bc1 {[%clk 00:04:30]} {[%emt 00:00:50]} f5
{[%clk 00:12:38]} {[%emt 00:00:40]} 33. b5 {[%clk 00:03:44]} {[%emt 00:01:18]}
Nb8 {[%clk 00:12:29]} {[%emt 00:00:37]} 34. Kf2 {[%clk 00:03:39]} {[%emt
00:00:35]} a6 {[%clk 00:11:59]} {[%emt 00:01:00]} 35. bxc6 {[%clk 00:03:05]}
{[%emt 00:01:04]} bxc6 {[%clk 00:12:19]} {[%emt 00:00:10]} 36. Bb2 {[%clk
00:03:20]} {[%emt 00:00:15]} f4 {[%clk 00:12:07]} {[%emt 00:00:42]} *

[Event "DVM U16w 2023"]
[Site "Magdeburg GER"]
[Date "2023.12.27"]
[Round "2"]
[White "Boronina, Kseniia"]
[Black "Moldovan, Stela"]
[Result "0-1"]
[Termination "normal"]
[Board "5.2"]
[WhiteElo "1300"]
[BlackElo "1573"]
[WhiteClock "00:23:48"]
[BlackClock "01:05:28"]
[WhiteTeam "SF Roding"]
[BlackTeam "SG Königskinder Hohentübingen"]
[PlyCount "72"]
[WhiteFideId "34308768"]
[BlackFideId "16287380"]
[EventCountry "GER"]
[EventRounds "7"]
[EventType "team-swiss"]
[EventDate "2023.12.26"]

1. e4 {[%clk 01:30:58]} {[%emt 00:00:02]} c6 {[%clk 01:30:43]} {[%emt
00:00:17]} 2. d4 {[%clk 01:31:22]} {[%emt 00:00:06]} d5 {[%clk 01:31:06]}
{[%emt 00:00:06]} 3. exd5 {[%clk 01:31:45]} {[%emt 00:00:08]} cxd5 {[%clk
01:31:21]} {[%emt 00:00:16]} 4. Bd3 {[%clk 01:31:55]} {[%emt 00:00:20]} Nc6
{[%clk 01:30:14]} {[%emt 00:01:37]} 5. c3 {[%clk 01:32:20]} {[%emt 00:00:05]}
Qa5 {[%clk 01:29:06]} {[%emt 00:01:36]} 6. Be3 {[%clk 01:28:56]} {[%emt
00:03:55]} Nf6 {[%clk 01:28:02]} {[%emt 00:01:34]} 7. h3 {[%clk 01:28:30]}
{[%emt 00:00:56]} e6 {[%clk 01:23:52]} {[%emt 00:04:40]} 8. Nf3 {[%clk
01:27:49]} {[%emt 00:01:12]} Bd6 {[%clk 01:24:06]} {[%emt 00:00:16]} 9. O-O
{[%clk 01:27:25]} {[%emt 00:00:53]} Bd7 {[%clk 01:22:18]} {[%emt 00:02:18]} 10.
Nbd2 {[%clk 01:26:09]} {[%emt 00:01:47]} Qd8 {[%clk 01:20:40]} {[%emt
00:01:57]} 11. Re1 {[%clk 01:24:47]} {[%emt 00:02:02]} O-O {[%clk 01:20:25]}
{[%emt 00:00:46]} 12. c4 {[%clk 01:15:46]} {[%emt 00:09:30]} Nb4 {[%clk
01:18:06]} {[%emt 00:02:48]} 13. Bb1 {[%clk 01:14:33]} {[%emt 00:01:44]} dxc4
{[%clk 01:16:50]} {[%emt 00:01:46]} 14. Nxc4 {[%clk 01:14:54]} {[%emt
00:00:10]} Qc7 {[%clk 01:16:28]} {[%emt 00:00:50]} 15. Nxd6 {[%clk 01:12:15]}
{[%emt 00:03:11]} Qxd6 {[%clk 01:15:54]} {[%emt 00:01:03]} 16. a3 {[%clk
01:10:21]} {[%emt 00:02:24]} Nbd5 {[%clk 01:14:34]} {[%emt 00:01:48]} 17. Bd3
{[%clk 01:03:38]} {[%emt 00:07:13]} Bc6 {[%clk 01:14:31]} {[%emt 00:00:36]} 18.
Ne5 {[%clk 01:02:58]} {[%emt 00:01:10]} Rad8 {[%clk 01:11:53]} {[%emt
00:03:05]} 19. Rc1 {[%clk 01:01:34]} {[%emt 00:01:56]} Rc8 {[%clk 01:10:24]}
{[%emt 00:01:58]} 20. Nxc6 {[%clk 00:49:49]} {[%emt 00:12:16]} Rxc6 {[%clk
01:10:35]} {[%emt 00:00:19]} 21. Qd2 {[%clk 00:48:21]} {[%emt 00:01:58]} Rfc8
{[%clk 01:09:53]} {[%emt 00:01:12]} 22. Rxc6 {[%clk 00:46:50]} {[%emt
00:02:01]} Rxc6 {[%clk 01:10:06]} {[%emt 00:00:16]} 23. Rc1 {[%clk 00:47:06]}
{[%emt 00:00:14]} Qc7 {[%clk 01:10:28]} {[%emt 00:00:09]} 24. Rxc6 {[%clk
00:46:26]} {[%emt 00:01:10]} Qxc6 {[%emt 00:00:20]} 25. Qc2 {[%clk 00:46:32]}
{[%emt 00:00:12]} Qxc2 {[%clk 01:10:11]} {[%emt 00:01:09]} 26. Bxc2 {[%clk
00:46:57]} {[%emt 00:00:05]} Nxe3 {[%clk 01:10:20]} {[%emt 00:00:22]} 27. fxe3
{[%clk 00:47:17]} {[%emt 00:00:09]} h6 {[%clk 01:10:35]} {[%emt 00:00:15]} 28.
Kf2 {[%clk 00:44:56]} {[%emt 00:02:50]} Kf8 {[%clk 01:10:54]} {[%emt 00:00:12]}
29. e4 {[%clk 00:42:58]} {[%emt 00:02:28]} Ke7 {[%clk 01:11:00]} {[%emt
00:00:23]} 30. Ke3 {[%clk 00:42:46]} {[%emt 00:00:43]} g5 {[%clk 01:10:57]}
{[%emt 00:00:32]} 31. g4 {[%clk 00:39:22]} {[%emt 00:03:54]} Kd7 {[%clk
01:09:35]} {[%emt 00:01:45]} 32. a4 {[%clk 00:33:41]} {[%emt 00:06:19]} Ne8
{[%clk 01:09:10]} {[%emt 00:00:54]} 33. Kd3 {[%clk 00:33:31]} {[%emt 00:00:40]}
a5 {[%clk 01:07:30]} {[%emt 00:02:09]} 34. Kc4 {[%clk 00:24:14]} {[%emt
00:09:48]} Nd6+ {[%clk 01:05:11]} {[%emt 00:02:49]} 35. Kc5 {[%clk 00:23:56]}
{[%emt 00:00:48]} Kc7 {[%clk 01:05:08]} {[%emt 00:00:33]} 36. d5 {[%clk
00:23:48]} {[%emt 00:00:38]} e5 {[%clk 01:05:28]} {[%emt 00:00:10]} 0-1

[Event "DVM U16w 2023"]
[Site "Magdeburg GER"]
[Date "2023.12.27"]
[Round "2"]
[White "Agalykova, Angelina"]
[Black "Schwarzfischer, Ramona"]
[Result "1-0"]
[Termination "normal"]
[Board "5.3"]
[WhiteElo "1542"]
[BlackElo "988"]
[WhiteClock "00:57:55"]
[BlackClock "01:16:10"]
[WhiteTeam "SG Königskinder Hohentübingen"]
[BlackTeam "SF Roding"]
[PlyCount "57"]
[WhiteFideId "13809571"]
[BlackFideId "16268113"]
[EventCountry "GER"]
[EventRounds "7"]
[EventType "team-swiss"]
[EventDate "2023.12.26"]

1. e4 {[%clk 01:30:55]} {[%emt 00:00:04]} c6 {[%clk 01:30:56]} {[%emt
00:00:05]} 2. d4 {[%clk 01:30:59]} {[%emt 00:00:25]} d5 {[%clk 01:31:18]}
{[%emt 00:00:09]} 3. exd5 {[%clk 01:31:16]} {[%emt 00:00:13]} cxd5 {[%clk
01:31:30]} {[%emt 00:00:19]} 4. c4 {[%clk 01:31:25]} {[%emt 00:00:21]} Nf6
{[%clk 01:31:45]} {[%emt 00:00:15]} 5. Nc3 {[%clk 01:31:41]} {[%emt 00:00:14]}
e6 {[%clk 01:32:01]} {[%emt 00:00:14]} 6. Nf3 {[%clk 01:31:38]} {[%emt
00:00:33]} Bb4 {[%clk 01:30:38]} {[%emt 00:01:53]} 7. a3 {[%clk 01:30:14]}
{[%emt 00:01:54]} Ba5 {[%clk 01:28:53]} {[%emt 00:02:15]} 8. b4 {[%clk
01:24:38]} {[%emt 00:06:05]} Bc7 {[%clk 01:28:38]} {[%emt 00:00:45]} 9. Bd3
{[%clk 01:24:03]} {[%emt 00:01:05]} a5 {[%clk 01:28:08]} {[%emt 00:01:01]} 10.
Bd2 {[%clk 01:22:12]} {[%emt 00:02:22]} Bd7 {[%clk 01:27:19]} {[%emt 00:01:17]}
11. O-O {[%clk 01:21:22]} {[%emt 00:01:21]} Na6 {[%clk 01:27:31]} {[%emt
00:00:17]} 12. Nb5 {[%clk 01:14:52]} {[%emt 00:07:00]} O-O {[%clk 01:25:54]}
{[%emt 00:02:07]} 13. Nxc7 {[%clk 01:13:17]} {[%emt 00:02:06]} Qxc7 {[%clk
01:25:47]} {[%emt 00:00:35]} 14. b5 {[%clk 01:12:54]} {[%emt 00:00:54]} Nb8
{[%clk 01:25:14]} {[%emt 00:01:03]} 15. Rc1 {[%clk 01:12:41]} {[%emt 00:00:43]}
dxc4 {[%clk 01:24:33]} {[%emt 00:01:11]} 16. Rxc4 {[%clk 01:11:11]} {[%emt
00:02:00]} Qb6 {[%clk 01:24:18]} {[%emt 00:00:43]} 17. a4 {[%clk 01:10:07]}
{[%emt 00:01:35]} Rc8 {[%clk 01:23:18]} {[%emt 00:01:31]} 18. Qc2 {[%clk
01:06:49]} {[%emt 00:03:49]} Rxc4 {[%clk 01:23:03]} {[%emt 00:00:44]} 19. Qxc4
{[%clk 01:06:59]} {[%emt 00:00:19]} Be8 {[%clk 01:21:59]} {[%emt 00:01:33]} 20.
Qc8 {[%clk 00:59:50]} {[%emt 00:07:39]} g6 {[%clk 01:21:45]} {[%emt 00:00:46]}
21. Bg5 {[%clk 00:58:51]} {[%emt 00:01:29]} Kg7 {[%clk 01:20:00]} {[%emt
00:02:15]} 22. Bxf6+ {[%clk 00:57:57]} {[%emt 00:01:24]} Kxf6 {[%clk 01:19:58]}
{[%emt 00:00:31]} 23. Qxe8 {[%clk 00:58:21]} {[%emt 00:00:06]} Qc7 {[%clk
01:19:42]} {[%emt 00:00:38]} 24. Ne5 {[%clk 00:57:31]} {[%emt 00:01:29]} h5
{[%clk 01:19:12]} {[%emt 00:00:59]} 25. b6 {[%clk 00:57:26]} {[%emt 00:00:36]}
Qe7 {[%clk 01:18:55]} {[%emt 00:00:46]} 26. Qh8+ {[%clk 00:56:54]} {[%emt
00:01:03]} Kg5 {[%clk 01:19:09]} {[%emt 00:00:16]} 27. f4+ {[%clk 00:57:11]}
{[%emt 00:00:14]} Kh4 {[%clk 01:17:12]} {[%emt 00:03:24]} 28. Rf3 {[%clk
00:57:35]} {[%emt 00:00:16]} Qg5 {[%clk 01:16:10]} {[%emt 00:01:33]} 29. Rh3#
{[%clk 00:57:55]} {[%emt 00:00:10]} 1-0